[Event "Turnier 40 / 120"]
[Site "DESKTOP-NL3KVDB"]
[Date "2023.03.18"]
[Round "1"]
[White "Mephisto Risc II - 14 MHZ"]
[Black "Mephisto Phönix TM Vancouver - 36 MHZ"]
[Result "0-1"]
[BlackElo "2250"]
[WhiteElo "2244"]

{Analyse ---> Komodo 13.02.} 1. d4 d5 2. c4 dxc4 3. Nf3 Nf6 4. e3 e6 5.
Bxc4 c5 6. O-O a6 7. a4 Nc6 8. Qe2 Qc7 9. Nc3 Bd6 10. Rd1 O-O 11. h3
{Buchende} h6 12. dxc5 {Buchbewertung Mephisto Risc II: +0,21} Bxc5 13. e4
Nd7 14. Be3 b6 {Buchende} 15. Nd4 Nde5 {Buchbewertung TM Vancouver: +0,09 /
lt. Komodo ist die Stellung etwa gleich} 16. Nxc6 Qxc6 17. Bb3 Bb7 18. Rac1
Rfd8 19. Bxc5 bxc5 20. Rxd8+? {ein schlechter Zug, danach steht Schwarz
bereits klar besser, Komodo -0,90, deutlich besser ist f4 mit nur ca.
-0,30} Rxd8 21. Bc2 Rd4 22. f4? {nicht ideal, deutlich besser ist De3,
Komodo -1,30} Ng6 23. g3 Qb6 24. b3 c4 {besser ist e5, Komodo +0,90} 25.
Qf2 {besser ist De3, Komodo -1,20} Qd6 26. Nd5 e5 {vorzuziehen ist Txd5,
Komodo +0,80} 27. bxc4 {vorzuziehen ist Tf1, Komodo -1,20} Rxc4 28. fxe5
Qxe5 {besser ist Dc5} 29. Rd1 Qe6 30. Qg2? {ein ganz schlechter Zug, danach
ist die Partie praktisch schon verloren, Komodo -2,00, deutlich besser ist
h4 mit ca. -1,20} Qc8? {ein ganz schlechter Zug, der einen Grossteil des
Vorteiles verspielt, Komodo nur noch +0,80, gewonnen hätte hier bereits Lc6
mit +2,00} 31. Rd2 a5? {und gleich nochmals ganz schlecht, damit ist
innerhalb von 2 Zügen eine klare Gewinnstellung zu einer ausgeglichenen
geworden, nach dem Textzug ist der gesamte Vorteil dahin, deutlich besser
ist De6} 32. Qe2? {ein schwacher Zug, der Schwarz wieder in Vorteil bringt,
Komodo -0,80, Ausgleich hätte Sb6 gebracht.} Qc5+ 33. Qf2 Qxf2+ {verspielt
wieder den gesamten Vorteil, besser ist Da3} 34. Kxf2 Bc6 35. Ne3 Rb4 36.
Nd5 Rb2 37. Ke3 Bd7 38. Ne7+ Nxe7 39. Rxd7 Rxc2 40. Rxe7 Rc4 41. Ra7 Rxa4
{Schwarz erspielt zwar einen Mehrbauern, der Randbauer ist aber nicht
verwertbar, die Stellung ist Remis} 42. g4 Ra3+ 43. Kd4??? {ein absoluter
Katastrophenzug, der die Partie sofort verliert unglaublich kurzsichtig,
wie soll nach Txh3 der G-Bauer gerettet werden ?? - UNFASSBAR SCHLECHT,
natürlich nötig Kf2} g5 44. Ke5 Rxh3 45. Rxa5 Rg3 46. Kf5 Rf3+ 47. Ke5 Rf4
48. Ra3 Rxg4 {Rest geschenkt} 0-1
[/pgn]
[pgn]

[Event "Turnier 40 / 120"]
[Site "DESKTOP-NL3KVDB"]
[Date "2023.03.20"]
[Round "2"]
[White "Mephisto Phönix TM Vancouver - 36 MHZ"]
[Black "Mephisto Risc II - 14 MHZ"]
[Result "1/2-1/2"]
[BlackElo "2244"]
[WhiteElo "2250"]

{Analyse ----> Komodo 13.02.} 1. c4 c6 2. d4 d5 3. Nf3 e6 4. e3 Nf6 5. Nc3
Nbd7 6. Bd3 dxc4 7. Bxc4 b5 8. Bd3 a6 9. e4 c5 10. e5 cxd4 11. Nxb5 Nxe5
12. Nxe5 axb5 13. Bxb5+ Bd7 14. Nxd7 Qa5+ 15. Bd2 Qxb5 16. Nxf8 Kxf8 17. a4
Qxb2 18. O-O {Buchende} h5 {Buchende} 19. Rb1 {Buchbewertung TM Vancouver:
-0,27 / lt. Komodo ist die Stellung exakt gleich 0,00 / etwas besser war
Df3, danach wäre Weiss mit ca. +0,50 im Vorteil gewesen} Qa2 {Buchbewertung
Mephisto Risc II: +0,26} 20. Bb4+? {ein schwacher Zug, danach ist Schwarz
im Vorteil, Komodo -0,80, Ausgleich hätte Tb4 gebracht} Kg8 21. Qxd4 Qxa4
22. Rfc1 Nd5 23. Ra1 Qe8 24. Bd6 Rxa1 25. Qxa1 Qd7 26. Qa6 Kh7 27. Be5 Rd8
28. h3 f6 29. Bg3 e5 30. Qd3+ g6 31. Qa6 Rb8 {besser ist Dd6, Komodo +0,50}
32. Rd1 Qf7 33. Qc6 Rd8 34. Rb1 Rd7 35. Rb5 e4 {danach ist die Partie
bereits Remis, Komodo 0,00} 36. Kf1 e3 37. Ke1 Kg7 38. h4 exf2+ 39. Kxf2
Kh7 40. Bb8 Kh8 41. Bg3 Kg7 42. Bb8 Rd8 43. Rb7 Ne7 44. Qc5 Rd2+??? {ein
Verlustzug der den Springer einbüsst, danach ist die Partie klar verloren,
Komodo -2,00, nötig war Te8 und es ist Remis} 45. Kg1 Re2 46. Bd6 Kf8 47.
Qa5 Kg7 48. g3??? {verschenkt den Sieg auf einen Schlag, danach ist die
Partie Remis, Komodo 0,00 mit der Fortsetzung Dc4, gewonnen hätte Db4}
Qc4!! {Risc II erkennt das Remis, Bewertung 0,00, TM Vancouver hätte
hingegen den Verlustzug 48. Te6 ?? erwartet.} 49. Rxe7+ {TM Vancouver:
0,00} Rxe7 50. Bxe7 Qd4+ 51. Kf1 Qd3+ 52. Kf2 Qd4+ 53. Kf3 Qd3+ 54. Kf4
Qd4+ 55. Kf3 Qd3+ 56. Kf2 Qd4+ 57. Kf1 Qd3+ 58. Kf2 {Stellungswiederholung}
1/2-1/2
[/pgn]
[pgn]

[Event "Turnier 40 / 120"]
[Site "DESKTOP-NL3KVDB"]
[Date "2023.03.20"]
[Round "3"]
[White "Mephisto Risc II - 14 MHZ"]
[Black "Mephisto Phönix TM Vancouver - 36 MHZ"]
[Result "1/2-1/2"]
[BlackElo "2250"]
[WhiteElo "2244"]

{Analyse -----> Komodo 13.02.} 1. e4 c6 2. d4 d5 3. Nc3 dxe4 4. Nxe4 Nf6 5.
Nxf6+ gxf6 6. c3 Bf5 7. Nf3 Nd7 8. g3 Qa5 9. Qe2 e6 {Buchende} 10. Bg2
O-O-O {Buchbewertung TM Vancouver: -0,39 / eine ganz schlechte Eröffnung
von Schwarz, lt. Komodo ist Weiss bereits mit +1,30 im Vorteil} 11. O-O Bd6
{besser ist Lg6, nach dem Textzug ist die Partie praktisch schon verloren
bevor Weiss noch einen Zug berechnet hat, Komodo -1,70, aber natürlich muss
man wieder sagen, verloren aus Sicht der Top-Engine, für Risc II ist
natürlich noch ein Weg zu gehen.} 12. c4? {Buchbewertung Mephisto Risc II:
sieht sich nur knapp im Vorteil mit +0,14 / schon eine Ungenauigkeit,
deutlich besser ist a4 gefolgt von b4, Komodo +1,00} Rhg8 13. Bd2 Qa4 14.
Nh4? {ein schwacher Zug, der den Vorteil von Weiss halbiert, deutlich
besser ist b3, Komodo +0,60} Bg4 15. f3 Bh5 16. g4 {immer noch war b3 die
bessere Wahl nach dem Textzug ist die Stellung bereits im Lot} Bg6 17. b3
Qa3 18. Be3 Be7 19. Nxg6 hxg6 20. f4 Rh8 21. d5 cxd5? {ein schwacher Zug,
danach ist Weiss wieder klar im Vorteil, Komodo -1,00, deutlich besser ist
Lc5 mit Ausgleich} 22. cxd5 Kb8? {wieder schwach, danach ist die Partie
praktsch schon verloren, Komodo -1,60, besser ist exd5} 23. Rac1? {ein ganz
schlechter Zug, der den Vorteil von Weiss halbiert, Komodo +0,80, nötig war
dxe6} Bc5?? {ein Verlustzug !!, danach ist die Partie bereits klar
verloren, Komodo -1,80, nötig war Sb6} 24. dxe6 {besser ist L Lxc5, Komodo
+1,50} fxe6 25. Bxc5 Nxc5 26. Rc4? {ein schwacher Zug, deutlich besser ist
das Offensichtliche Dc2 !! mit gleichzeitigem Angriff auf den Sc5 und den
Bauern g6, Komodo +1,00} Qa6 27. g5 Rd4? {ein schlechter Zug, der den
Vorteil von Weiss wieder deutlich vergrössert, Komodo -1,50, nötig war Dd6}
28. Bxb7? {ein schlechter Zug, der den Vorteil von Weiss etwa halbiert,
Komodo +0,70, nötig war gxf6} Qb6 29. Rxd4 Nxb3 30. axb3? {deutlich
vorzuziehen ist Le4} Qxd4+ 31. Kh1? {verspielt jeglichen Vorteil, danach
ist die Stellung bereits im Lot, nötig war Df2} Kxb7 32. Qxe6 Qd2 33. h3 f5
34. Kg1 Qd3 35. Rf2 Qg3+ 36. Rg2 Qxf4 37. Qd5+ Kb6 38. Qe6+ Kc7 39. Qxg6
Kb8 40. Qc6 Rxh3 41. Qb5+ Ka8 42. Qd5+ Kb8 43. Qg8+ Kb7 44. Qf7+ Kb8 45.
Qe8+ Kb7 {Schwarz kommt nicht mehr aus dem Schach, was anderes hat auch
Weiss nicht mehr, da die schwarzen Figuren gefährlich auf Angriff stehen,
Userentscheid: Remis} 1/2-1/2
[/pgn]
[pgn]

[Event "Turnier 40 / 120"]
[Site "DESKTOP-NL3KVDB"]
[Date "2023.03.21"]
[Round "4"]
[White "Mephisto Phönix TM Vancouver - 36 MHZ"]
[Black "Mephisto Risc II - 14 MHZ"]
[Result "1/2-1/2"]
[BlackElo "2244"]
[WhiteElo "2250"]

{Analyse ----> Komodo 13.02.} 1. b3 e5 2. Bb2 Nc6 3. e3 Nf6 4. Bb5 d6
{Buchende} 5. Ne2 Bd7 {Buchbewertung Mephisto Risc II: +0,07} 6. O-O
{Buchende} Be7 7. d4 {Buchbewertung TM Vancouver: -0,03 lt. Komodo steht
Weiss eine Nuance besser mit ca. +0,20} exd4 8. exd4 a6 9. Bd3 O-O 10. Ng3
Re8 11. Nd2 Nb4 12. Be2 d5 13. c3 Nc6 14. Bd3 Bd6 15. Qc2 Re7 16. Rfe1 Qf8
17. Rxe7 Nxe7 18. c4 Re8 19. Ndf1 Ng6 20. Ne3 Nf4 21. Nxd5? {weniger gut,
deutlich besser ist c5 mit Ausgleich, Komodo -0,60} N6xd5 22. cxd5 Nxd3 23.
Qxd3 Qe7 24. Qf3 f5 25. h3? {ein schlechter Zug, danach ist Schwarz bereits
klar im Vorteil, Komodo -1,10, deutlich besser ist Lc3 mit ca. -0,60} f4
26. Nf1 Qe2 27. Qxe2 Rxe2 28. Bc1 Bf5 29. f3 {besser ist Ld2, Komodo -1,50}
Bg6? {nicht optimal, danach bekommt Weiss die Möglichkeiten, den lästigen
Turm auf der 2. Reihe loszuwerden, deutlich besser ist Tc2, Komodo +1,10}
30. Bd2 Bf7 {ein schwacher Zug, der den Vorteil von Schwarz fast halbiert,
Komodo +0,70, deutlich besser ist Kf7} 31. Re1 Rxe1 32. Bxe1 Bxd5 33. Kf2
Kf7 34. Nd2 Ke6 35. Ne4 Be7 36. Ba5 b6 37. Bd2 Bh4+ 38. Kf1 Kf5 39. Nc3 Bb7
40. Ne2 g5 41. Bb4? {ein schwacher Zug, deutlich besser ist Le1, Komodo
-1,40} a5 42. Be1 Bxe1 43. Kxe1 h5? {ein ganz schlechter Zug, der einen
Grossteil des Vorteiles verspielt, Komodo +0,50, deutlich stärker ist c5
mit ca. +1,50} 44. Nc3 Bc6 45. Ke2 g4 {die Stellung ist im Lot, Komodo
0,00} 46. hxg4+ hxg4 47. fxg4+ Kxg4 48. Kf2 Kf5 49. a3 Kg4 50. b4 axb4 51.
axb4 Kf5 52. g3 Kg4 53. gxf4 Kxf4 54. Ke2 Bg2 {Das gibt nichts mehr her:
Userentscheid: Remis} 1/2-1/2
[/pgn]
[pgn]

[Event "Turnier 40 / 120"]
[Site "DESKTOP-NL3KVDB"]
[Date "2023.03.21"]
[Round "5"]
[White "Mephisto Risc II - 14 MHZ"]
[Black "Mephisto Phönix TM Vancouver - 36 MHZ"]
[Result "0-1"]
[BlackElo "2250"]
[WhiteElo "2244"]

{Analyse ----> Komodo 13.02.} 1. e4 e5 2. Nf3 Nf6 3. Nxe5 d6 4. Nf3 Nxe4 5.
d4 d5 6. Bd3 Bd6 7. O-O O-O 8. c4 c6 9. Nc3 Nxc3 10. bxc3 Bg4 11. cxd5 cxd5
12. Rb1 Nd7 13. h3 Bh5 14. a4 b6 15. Rb5 Nf6 16. Bg5 {Buchende} Rc8
{Buchende} 17. Qc2? {Buchbewertung Mephisto Risc II: -0,03 / gleich der 1.
berechnete Zug ist ganz schlecht und bringt Schwarz bereits klar in
Vorteil, Komodo -1,30, nötig war Lxf6 mit Ausgleich} Bxf3 {Buchbewertung TM
Vancouver: +0,66} 18. gxf3 h6 19. Bh4 g5 20. Bg3 Re8 21. Kg2 Rc6 22. Rfb1??
{ein Verlustzug, danach ist die Partie praktisch schon verloren, Komodo
-2,30 mit der Fortsetzung Dc7, nötig war T5b3 mit ca. -1,00} Qc7! 23. Bxd6
Qxd6 24. a5 bxa5 {etwas besser ist Sh5, Komodo +1,80} 25. Rxa5 Qc7 26. Ra3
Nh5! 27. Kh1? {ein schlechter Zug, mehr Widerstand leistet noch Lf1, Komodo
-3,20} Nf4 28. Rab3? {deutlich mehr Widerstand leistet noch Lf1, Komodo
-5,00} Kg7? {das ist einfach viel zu brav und verspielt ganze 2
Bauerneinheiten !!, Komodo +3,00, deutlich stärker ist Tce6} 29. Ra3???
{ein Katastrophenzug, der ganze 5 Bauerneinheiten !!! einbüsst, danach ist
alles aus, Komodo -8,00 !!, wieder wird das bitter nötige Lf1 verschmäht}
Rce6 30. Bf1 Re1 31. Qf5 Qc4 32. Rxe1 Rxe1 33. Qe5+ Rxe5 34. Bxc4 Re1+ 35.
Kh2 dxc4 {Rest geschenkt} 0-1
[/pgn]
[pgn]

[Event "Turnier 40 / 120"]
[Site "DESKTOP-NL3KVDB"]
[Date "2023.03.22"]
[Round "6"]
[White "Mephisto Phönix TM Vancouver - 36 MHZ"]
[Black "Mephisto Risc II - 14 MHZ"]
[Result "0-1"]
[BlackElo "2244"]
[WhiteElo "2250"]

{Analyse ----> Komodo 13.02.} 1. e4 c5 2. c3 d5 3. exd5 Qxd5 4. d4 e6 5.
Nf3 Nc6 6. Na3 Nf6 7. Be2 Qd8 8. Nc2 Be7 9. O-O O-O 10. Bg5 cxd4 11. Ncxd4
{Buchende} Bd7 {Buchende} 12. Qd3 {Buchbewertung TM Vancouver: +0,12} Nxd4
{Buchbewertung Mephisto Risc II: -0,05 / lt. Komodo ist die Stellung exakt
gleich 0,00} 13. Nxd4 Qa5 14. Bf4 e5 15. Nb3 Qc7 16. Bg3 Rfd8 17. Rad1 Bc6
18. Qf5 Bd6 19. Bh4 Be4 20. Qh3 Be7 21. Rxd8+ Bxd8 22. Re1 Be7 23. Qe3 Bc6
24. Bd3 Ng4 25. Qh3 Bxh4 26. Qxh4 Nf6 27. Qg3 Re8 28. Nd4 Nh5 29. Qe3 Nf4
30. Nxc6 Nxd3 31. Qxd3 Qxc6 32. Rd1 a6 33. Qd7 Kf8 34. Qxc6 bxc6 35. g4 Ke7
36. Kg2 h5 37. h3 hxg4 38. hxg4 g6 39. Kg3 Rf8 40. b4 f5 41. Rd2 Rh8 42.
Rd1 Rh7 43. f3 Rh8 44. a4 Ke6 45. gxf5+ gxf5 46. a5 Ke7 47. Rd2 Rh1 48. Rd3
Rc1 49. Kf2 Ke6 50. Ke2 Rc2+ 51. Ke1 f4 52. Kd1 Rh2 53. Ke1 Rh3 54. Ke2 Ke7
55. Rd2 Rh8 56. Kf1 Ke6 57. Ke2 Rh2+ 58. Kd3 Rh3 59. Ke4 Rh1 60. Kd3 Re1
61. Kc4 e4 62. Rd8 e3 63. Rf8 Ke5 64. Kc5 Rc1 65. Re8+ Kf6 66. Kb6 Rxc3 67.
Re4 Kg5 68. Kxa6 Kh4 69. Kb6??? {bis zu diesem Zeitpunkt eine perfekte
Partie beider Geräte, wo die Stellungsbewertung von Komodo nur im Rahmen
von +/- 0,50 war, aber hier jetzt der absolute Verlustzug, danach ist die
Partie sofort verloren, Komodo -6,00, nötig war natürlich Txf4 ! und es
wäre Remis} Kg3 70. a6 Kxf3 71. a7 Ra3 72. Re5 Rxa7! {ganz wichtig,
Mephisto Risc II findet im letzten Augenblick noch den Gewinnzug, bis knapp
vor Ende hatte er e2 als besten Zug, danach wäre die Partie Remis gewesen
!} 73. Kxa7 Ke2 {Rest geschenkt} 0-1
[/pgn]
[pgn]

[Event "Turnier 40 / 120"]
[Site "DESKTOP-NL3KVDB"]
[Date "2023.03.22"]
[Round "7"]
[White "Mephisto Risc II - 14 MHZ"]
[Black "Mephisto Phönix TM Vancouver - 36 MHZ"]
[Result "0-1"]
[BlackElo "2250"]
[WhiteElo "2244"]

{Analyse ---> Komodo 13.02.} 1. d4 d5 2. c4 c6 3. Nf3 e6 4. Nc3 dxc4 5. a4
Bb4 6. e3 b5 7. Bd2 Bb7 8. axb5 Bxc3 9. Bxc3 cxb5 10. b3 a5 11. bxc4 b4 12.
Bb2 Nf6 13. Bd3 Nbd7 14. O-O O-O 15. Qc2 Qc7 16. e4 e5 17. Rfe1 Rfe8 18. c5
exd4 19. Bxd4 {Buchende} h6 {Buchende} 20. h3 {Buchbewertung Mephisto Risc
II: -0,36} Nh5 {Buchbewertung TM Vancouver: -0,03 / lt. Komodo ist die
Stellung etwa gleich} 21. Bb5 Bc6 22. Ba4? {nicht optimal, deutlich besser
ist Lxc6 mit Ausgleich, Komodo -0,80} Nf4 23. Bb3 Qb7 24. Nd2? {deutlich
vorzuziehen ist Sh4, Komodo -1,30} Ne5! 25. Re3 Qd7! {richtig, TM Vancouver
spielt stark in dieser Phase} 26. Bxe5 Rxe5 27. Nf3 Ree8 28. Ba4??? {ein
absoluter Verlustzug, danach ist die Partie klar verloren, Komodo -3,20 mit
der Fortsetzung Lxa4, deutlich mehr Widerstand leistet Td1 mit ca. -1,50}
Bxa4! {TM Vancouver macht alles richtig in dieser Partie !} 29. Rxa4 Qc6
{besser ist Tec8, aber auch der Textzug ist stark, Komodo +3,00} 30. Nd4
Qg6 31. g4 h5 32. Ne2 {besser ist noch c6, Sf5 oder Kh2, aber hier spielt
es keine entscheidende Rolle mehr, Komodo -4,00} Nd5! 33. Rd3 Qxe4 34. gxh5
Qxe2 35. Qxe2 Rxe2 36. Rxd5 b3 37. Rd1 Rc2 38. Rb1 Rb8 39. Kg2 Rxc5 40. Ra3
b2 41. Ra2 Rc2 42. h6 gxh6 43. Kh2 Rb3 44. Kg2 Kh7 45. h4 {Mephisto Risc
II: -5,06 ---> aufgegeben !!} 0-1
[/pgn]
[pgn]

[Event "Turnier 40 / 120"]
[Site "DESKTOP-NL3KVDB"]
[Date "2023.03.23"]
[Round "8"]
[White "Mephisto Phönix TM Vancouver - 36 MHZ"]
[Black "Mephisto Risc II - 14 MHZ"]
[Result "1/2-1/2"]
[BlackElo "2244"]
[WhiteElo "2250"]

{Analyse ----> Komodo 13.02.} 1. e4 e5 2. Bc4 Nf6 3. Nc3 Bb4 4. Nf3 d6 5.
O-O O-O {Buchende} 6. d3 {Buchende} Nbd7 {Buchbewertung Mephisto Risc II:
-0,07} 7. a3 {Buchbewertung TM Vancouver: +0,30 / lt. Komodo ist die
Stellung exakt gleich 0,00} Bxc3 8. bxc3 c6 9. Bg5 Nc5 10. Qe2 b5 11. Ba2
h6 12. Be3 Na4 13. Bb3 Nxc3 14. Qd2 Na4 15. Bxa4 bxa4 16. Qb4 c5 17. Qxa4
Bd7 18. Qa6 Qb6 19. Qxb6 axb6 20. c4 b5 21. Nd2 Ng4 22. h3 {besser ist
Tfb1, Komodo -0,70} Nxe3 23. fxe3 Rfb8 {besser ist Ta6 oder bxc4, Komodo
+0,30} 24. Rfb1 Kf8 25. cxb5 Rxb5 26. Nc4 Rxb1+ 27. Rxb1 Be6 28. Rb3? {ein
schwacher Zug, danach ist Schwarz im Vorteil, Komodo -0,80, deutlich besser
ist Sxd6 mit Ausgleich} Bxc4 {nicht optimal, besser ist Ta7, Komodo +0,50}
29. dxc4 Ra4 30. Rc3 h5 31. Kf2 Ke7 32. Ke2 g5 33. Kd3 Ke6 34. g3 Ra8 35.
Rb3 h4 {damit ist das Remis besiegelt, mit der Fortsetzung g4 ist die
Stellung unwiederbringlich geschlossen, der Vorstoss f5 ist nicht mehr
möglich und da ist kein Durchkommen mehr} 36. g4 {na klar / Userentscheid:
Remis} 1/2-1/2
[/pgn]
[pgn]